000 00286nam a22001217a 4500
008 230703b xxu||||| |||| 00| 0 eng d
082 _a350
_bARO
100 _cRamesh K. Arora
245 _aComparative Public Administration
260 _aIndia
_c1972
300 _a179p
942 _2ddc
_cBK
999 _c3196
_d3196